000 00594nam a2200205 4500
003 OSt
005 20251125115618.0
008 220412b ||||| |||| 00| 0 hin d
040 _aNISER LIBRARY
_cNISER LIBRARY
041 _aEnglish
082 _a616.34-006
_bPAD-C
100 _aPadhan, Pratyush Kumar
245 _aCellular and molecular responses associated with gastric cancer
260 _aBhubaneswar:
_bNISER,
_c2021.
300 _a32p.
_c29cm.
650 _aGASTRIC CANCER
650 _aCELLULAR AND MOLECULAR RESPONSE
700 _aBhattacharya, Asima
_eGuide
942 _cTHM
_2udc
999 _c32975
_d32975